Bonnie & Clyde REMIX - iZaak, Luar La L, Omar Courtz - Estadísticas

Estadísticas generales
  • Esta prueba ha sido intentada 57 veces
  • La puntuación promedio es 427 de 684
Estadísticas de respuestas
Letra % Correcto
a
100%
A
100%
D
93%
l
93%
o
93%
el
87%
El
87%
él
87%
En
87%
en
87%
es
87%
Es
87%
la
87%
La
87%
lo
87%
Lo
87%
Pa
87%
pa
87%
que
87%
qué
87%
Qué
87%
Que
87%
se
87%
Se
87%
si
87%
Y
87%
y
87%
2
80%
baila
80%
bellaca
80%
carita
80%
chinga
80%
Chinga
80%
Como
80%
como
80%
de
80%
delincuentes
80%
Diablo
80%
diga
80%
do
80%
dos
80%
estrés
80%
gente
80%
I
80%
Le
80%
le
80%
Mi
80%
mi
80%
no
80%
No
80%
pal
80%
par
80%
para
80%
perdernos
80%
pone
80%
Poner
80%
poner
80%
Pre
80%
Prende
80%
prende
80%
reía
80%
siempre
80%
te
80%
Te
80%
80%
80%
va
80%
ve
80%
ves
80%
baby
73%
Baby
73%
chingamos
73%
duda
73%
entrevístame
73%
las
73%
linda
73%
los
73%
Mami
73%
mami
73%
Phillie
73%
Por
73%
por
73%
pregunté
73%
sexo
73%
siente
73%
su
73%
SU
73%
ti
73%
tiene
73%
Tiene
73%
un
73%
Vamo
73%
Vamos
73%
yo
73%
Yo
73%
acaso
67%
acuática
67%
agarra
67%
ahí
67%
aquí
67%
bien
67%
cel
67%
cela
67%
chingar
67%
con
67%
digo
67%
doll
67%
dura
67%
ella
67%
Ella
67%
era
67%
esa
67%
Está
67%
está
67%
estoy
67%
falda
67%
falte
67%
favor
67%
fina
67%
Fuck
67%
fuck
67%
girl
67%
Girl
67%
mata
67%
matarla
67%
matemática
67%
mato
67%
me
67%
Me
67%
miras
67%
movida
67%
na
67%
novato
67%
of
67%
OnlyFans
67%
parking
67%
pero
67%
placer
67%
pones
67%
pongo
67%
princesa
67%
quería
67%
respeto
67%
respondo
67%
revela
67%
reza
67%
rico
67%
siéntate
67%
Sol
67%
suma
67%
voy
67%
Voy
67%
ah
60%
al
60%
Al
60%
bailar
60%
bicho
60%
calientita
60%
capela
60%
Chente
60%
conmigo
60%
cosas
60%
Dice
60%
enchulan
60%
endiamantao
60%
entrártelo
60%
esas
60%
escribió
60%
estas
60%
fanática
60%
fresa
60%
hall
60%
jangueo
60%
key
60%
low
60%
mojá
60%
off
60%
pantys
60%
pasar
60%
pendiente
60%
ponga
60%
pornstar
60%
putas
60%
rato
60%
Sabe
60%
saliendo
60%
sin
60%
soy
60%
Soy
60%
tengo
60%
tiro
60%
to
60%
trato
60%
ya
60%
512
53%
cotizao
53%
crush
53%
eficiente
53%
fame
53%
Hoy
53%
jeans
53%
mío
53%
obvio
53%
origi
53%
parece
53%
pasta
53%
pues
53%
tacos
53%
tambor
53%
Tan
53%
tan
53%
terror
53%
tira
53%
vende
53%
bebé
47%
Capone
47%
diente
47%
dime
47%
Dime
47%
echo
47%
esté
47%
gasta
47%
importa
47%
joden
47%
mecha
47%
porque
47%
psycho
47%
romperte
47%
suena
47%
tuyo
47%
vi
47%
asegurao
40%
conectaíta
40%
corta
40%
demás
40%
enciende
40%
ere
40%
Ey
40%
ey
40%
gusto
40%
incluyendo
40%
italiano
40%
jodemos
40%
mafioso
40%
matan
40%
matas
40%
misiones
40%
mundo
40%
nada
40%
Nada
40%
opone
40%
ponemos
40%
presa
40%
quedan
40%
quién
40%
quiere
40%
saca
40%
sola
40%
tos
40%
vete
40%
bailando
33%
culo
33%
da
33%
Despué
33%
gym
33%
hace
33%
juego
33%
lindo
33%
mire
33%
pasamos
33%
porno
33%
vela
33%
amistades
27%
ando
27%
aportan
27%
day
27%
exploten
27%
hacer
27%
mala
27%
mismo
27%
precio
27%
quemo
27%
reggaeton
27%
rica
27%
squirteando
27%
verdad
27%
viejo
27%
you
27%
You
27%
all
20%
brincando
20%
caliente
20%
Cortó
20%
dando
20%
Desde
20%
doy
20%
eh
20%
estar
20%
Felpa
20%
iba
20%
matamo
20%
mean
20%
mensaje
20%
Ousi
20%
puesta
20%
ropa
20%
sabía
20%
saquen
20%
somo
20%
tenerte
20%
wanna
20%
what
20%
bad
13%
bajo
13%
bemba
13%
bless
13%
boca
13%
Buda
13%
conocí
13%
Cuando
13%
dedo
13%
desnudos
13%
downtown
13%
enemigos
13%
eres
13%
Facebook
13%
geico
13%
golda
13%
if
13%
know
13%
loca
13%
míos
13%
muerdo
13%
Nadie
13%
nos
13%
oh
13%
pierdas
13%
rifle
13%
seteo
13%
siento
13%
squateando
13%
terminamos
13%
teteo
13%
tripeo
13%
una
13%
venir
13%
versus
13%
yeah
13%
zun
13%
Bubba
7%
cerró
7%
come
7%
compré
7%
entró
7%
Mamita
7%
ojos
7%
Payco
7%
through
7%
ticket
7%
touch
7%
tóxico
7%
No se encontraron pruebas coincidentes
Distribución de puntuación
Porcentaje de gente con cada puntuación
Porcentaje por número respondido
Historial de tus puntuaciones
No has intentado esta prueba.